Kinevezések [rövid hír]

Elmentve itt :
Bibliográfiai részletek
Dokumentumtípus: Cikk
Megjelent: 1948-07-31
Sorozat:Délmagyarország
Kulcsszavak:Halász Előd, Egyetemi kinevezés Szeged 1948
Online Access:http://dmarchiv.bibl.u-szeged.hu/34650
LEADER 00420nab a2200145 i 4500
001 delm34650
005 20180927112856.0
008 180927s1948 hu o 0|| hun d
040 |a SZTE Délmagyarország Archívum  |b hun 
041 |a hun 
245 0 0 |a Kinevezések   |h [elektronikus dokumentum] :  |b [rövid hír] 
260 |c 1948-07-31 
300 |a 4 
490 0 |a Délmagyarország 
695 |a Halász Előd, Egyetemi kinevezés Szeged 1948